000 01434nam a2200265Ia 4500
999 _c53298
_d53298
001 20339
003 GE_BSU
005 20200925225034.0
008 181216s1952||||ge |||||||||||||| ||geo||
040 _cGE_BSU
041 _ageo
080 _a811.353.1-84(075.3) მ-93
100 _aმუშკუდიანი, ვ.
_99545
245 _aქართული ენის სწავლება არაქართულ სკოლაში /
_cვ.მუშკუდიანი, კლ. თევზაძე, ფ. რურუა ; რედ. აკ. თოფურია.
264 _aთბილისი :
_bინსტიტუტის გამომცემლობა,
_c1952.
300 _a207 გვ. ;
_c21 სმ.
541 _h1ლ.50თ.
653 _aქართული ენა
653 _aქართული ენის ენის სწავლება არაქართულ სკოლაში
700 _aთევზაძე, კლ.
_eავტორი
_99546
700 _aრურუა, ფ.
_eავტორი
_99547
700 _aთოფურია, აკ.
_eრედაქტორი
_99536
710 _aსაქართველოს სსრ განათლების სამინისტროს პედაგოგიურ მეცნიერებათა ინსტიტუტი
_99537
942 _cBK
_2udc